Statistics for People with C Initials

Click here to take the quiz!

General Stats

  • This quiz has been taken 36,345 times
    (13,032 since last reset)
  • The average score is 15 of 26

Answer Stats

CluePerson% Correct
CKDesigner jeans namesakeCalvin Klein
91%
CCSilent film starCharlie Chaplin
90%
CFShe was Princess LeiaCarrie Fisher
80%
CGLatin American revolutionaryChe Guevara
80%
CD"A Tale of Two Cities"Charles Dickens
79%
CBStarred as BatmanChristian Bale
78%
CE"Dirty Harry" actorClint Eastwood
73%
CMLead singer of ColdplayChris Martin
72%
CZWife of Michael DouglasCatherine Zeta-Jones
69%
CRParalysis victim who starred
as Superman
Christopher Reeve
69%
CA"Genie in a Bottle" singerChristina Aguilera
66%
CLFlew non-stop from New York
to Paris in 1927
Charles Lindbergh
65%
CTBeautiful South African actress
who got ugly for "Monster"
Charlize Theron
64%
CJPossibly history's 2nd
most-famous psychiatrist
Carl Jung
58%
CUCountry singer who won
"American Idol" in 2005
Carrie Underwood
54%
CWActor from "The Deer Hunter"
who wants more cowbell
Christopher Walken
46%
CSAuthor of "Cosmos"Carl Sagan
45%
CV19th century shipping and
railroad tycoon
Cornelius Vanderbilt
45%
CHNative American warrior
who is sculpted into a
South Dakota mountainside
Crazy Horse
45%
CYBroke the sound barrierChuck Yeager
42%
CPBeboping saxophonist known
as "Bird"
Charlie Parker
41%
CNHis tears cure cancer, too
bad he has never cried
Chuck Norris
41%
COEnglish actor who starred in
"Children of Men"
Clive Owen
36%
CQManager of national football
teams from Portugal,
Iran, and Colombia
Carlos Queiroz
16%
CI20th century American
modernist composer
Charles Ives
10%
CXBrazilian psychic mediumChico Xavier
10%

Score Distribution

Percentile by Number Answered

Percent of People with Each Score

Your Score History

You have not taken this quiz since the last reset